<?xml version="1.0" encoding="UTF-8"?>
<collection xmlns="http://www.loc.gov/MARC21/slim">
 <record>
  <leader>02035nam a22002897a 4500</leader>
  <controlfield tag="001">NCT_4_012933</controlfield>
  <controlfield tag="008">190215b        xxu||||| |||| 00| 0 vie d</controlfield>
  <datafield tag="999" ind1=" " ind2=" ">
   <subfield code="c">8609</subfield>
   <subfield code="d">8609</subfield>
  </datafield>
  <datafield tag="020" ind1=" " ind2=" ">
   <subfield code="c">72000</subfield>
   <subfield code="a">9786040148070</subfield>
  </datafield>
  <datafield tag="082" ind1="0" ind2="4">
   <subfield code="2">23rd ed.</subfield>
   <subfield code="a">174.2</subfield>
   <subfield code="b">T513</subfield>
  </datafield>
  <datafield tag="100" ind1="1" ind2=" ">
   <subfield code="a">Lê Thanh Tùng</subfield>
   <subfield code="e">Chủ biên</subfield>
  </datafield>
  <datafield tag="245" ind1="1" ind2="0">
   <subfield code="a">Tâm lý y học và đạo đức y học :</subfield>
   <subfield code="b">Dùng cho đào tạo cử nhân điều dưỡng</subfield>
   <subfield code="c">Lê Thanh Tùng, Nguyễn Bảo Ngọc (Chủ biên); Mai Thị Thu Hằng, Vũ Thị Hải Oanh (Biên soạn)</subfield>
  </datafield>
  <datafield tag="260" ind1=" " ind2=" ">
   <subfield code="a">H.</subfield>
   <subfield code="b">Giáo dục Việt Nam</subfield>
   <subfield code="c">2018</subfield>
  </datafield>
  <datafield tag="300" ind1=" " ind2=" ">
   <subfield code="a">163tr.</subfield>
   <subfield code="c">27cm</subfield>
  </datafield>
  <datafield tag="500" ind1=" " ind2=" ">
   <subfield code="a">ĐTTS ghi: Trường đại học điều dưỡng Nam Định</subfield>
  </datafield>
  <datafield tag="520" ind1="3" ind2=" ">
   <subfield code="a">Cuốn sách đề cập đến những vấn đề cơ bản của Tâm lý học đại cương và Tâm lý học y học, cũng như việc áp dụng y đức trong việc chăm sóc người bệnh của một Điều dưỡng.</subfield>
  </datafield>
  <datafield tag="653" ind1=" " ind2=" ">
   <subfield code="a">Y Đa khoa</subfield>
  </datafield>
  <datafield tag="700" ind1="1" ind2=" ">
   <subfield code="a">Nguyễn Bảo Ngọc </subfield>
   <subfield code="e">Chủ biên</subfield>
  </datafield>
  <datafield tag="700" ind1="1" ind2=" ">
   <subfield code="a">Mai Thị Thu Hằng</subfield>
   <subfield code="e">Biên soạn</subfield>
  </datafield>
  <datafield tag="700" ind1="1" ind2=" ">
   <subfield code="a">Vũ Thị Hải Oanh</subfield>
   <subfield code="e">Biên soạn</subfield>
  </datafield>
  <datafield tag="942" ind1=" " ind2=" ">
   <subfield code="2">ddc</subfield>
   <subfield code="c">BK</subfield>
  </datafield>
  <datafield tag="952" ind1=" " ind2=" ">
   <subfield code="0">0</subfield>
   <subfield code="1">0</subfield>
   <subfield code="2">ddc</subfield>
   <subfield code="4">0</subfield>
   <subfield code="6">174_200000000000000_T513</subfield>
   <subfield code="7">0</subfield>
   <subfield code="9">29506</subfield>
   <subfield code="a">000001</subfield>
   <subfield code="b">000001</subfield>
   <subfield code="d">2024-09-14</subfield>
   <subfield code="o">174.2 T513</subfield>
   <subfield code="p">MD.22660</subfield>
   <subfield code="r">2024-09-14</subfield>
   <subfield code="v">72000.00</subfield>
   <subfield code="w">2024-09-14</subfield>
   <subfield code="y">BK</subfield>
  </datafield>
  <datafield tag="952" ind1=" " ind2=" ">
   <subfield code="0">0</subfield>
   <subfield code="1">0</subfield>
   <subfield code="2">ddc</subfield>
   <subfield code="4">0</subfield>
   <subfield code="6">174_200000000000000_T513</subfield>
   <subfield code="7">0</subfield>
   <subfield code="9">29507</subfield>
   <subfield code="a">000001</subfield>
   <subfield code="b">000001</subfield>
   <subfield code="d">2024-09-14</subfield>
   <subfield code="o">174.2 T513</subfield>
   <subfield code="p">MD.22661</subfield>
   <subfield code="r">2024-09-14</subfield>
   <subfield code="v">72000.00</subfield>
   <subfield code="w">2024-09-14</subfield>
   <subfield code="y">BK</subfield>
  </datafield>
  <datafield tag="952" ind1=" " ind2=" ">
   <subfield code="0">0</subfield>
   <subfield code="1">0</subfield>
   <subfield code="2">ddc</subfield>
   <subfield code="4">0</subfield>
   <subfield code="6">174_200000000000000_T513</subfield>
   <subfield code="7">0</subfield>
   <subfield code="9">29508</subfield>
   <subfield code="a">000001</subfield>
   <subfield code="b">000001</subfield>
   <subfield code="d">2024-09-14</subfield>
   <subfield code="o">174.2 T513</subfield>
   <subfield code="p">MD.22662</subfield>
   <subfield code="r">2024-09-14</subfield>
   <subfield code="v">72000.00</subfield>
   <subfield code="w">2024-09-14</subfield>
   <subfield code="y">BK</subfield>
  </datafield>
  <datafield tag="952" ind1=" " ind2=" ">
   <subfield code="0">0</subfield>
   <subfield code="1">0</subfield>
   <subfield code="2">ddc</subfield>
   <subfield code="4">0</subfield>
   <subfield code="6">174_200000000000000_T513</subfield>
   <subfield code="7">0</subfield>
   <subfield code="9">29509</subfield>
   <subfield code="a">000001</subfield>
   <subfield code="b">000001</subfield>
   <subfield code="d">2024-09-14</subfield>
   <subfield code="o">174.2 T513</subfield>
   <subfield code="p">MD.22663</subfield>
   <subfield code="r">2024-09-14</subfield>
   <subfield code="v">72000.00</subfield>
   <subfield code="w">2024-09-14</subfield>
   <subfield code="y">BK</subfield>
  </datafield>
  <datafield tag="952" ind1=" " ind2=" ">
   <subfield code="0">0</subfield>
   <subfield code="1">0</subfield>
   <subfield code="2">ddc</subfield>
   <subfield code="4">0</subfield>
   <subfield code="6">174_200000000000000_T513</subfield>
   <subfield code="7">0</subfield>
   <subfield code="9">29510</subfield>
   <subfield code="a">000001</subfield>
   <subfield code="b">000001</subfield>
   <subfield code="d">2024-09-14</subfield>
   <subfield code="l">2</subfield>
   <subfield code="o">174.2 T513</subfield>
   <subfield code="p">MD.22664</subfield>
   <subfield code="r">2024-12-06</subfield>
   <subfield code="s">2024-11-29</subfield>
   <subfield code="v">72000.00</subfield>
   <subfield code="w">2024-09-14</subfield>
   <subfield code="y">BK</subfield>
  </datafield>
  <datafield tag="980" ind1=" " ind2=" ">
   <subfield code="a">Thư viện Trường Đại học Nam Cần Thơ</subfield>
  </datafield>
 </record>
</collection>
